00367nam a22000977a 4500003000400000008004100004245005700045250011200102260002800214650002700242OSt201203b ||||| |||| 00| 0 eng d aJournal of Scientific and Industrial Research (JSIR) a2016(Jan Vol.75 No.1, Feb Vol.75 No.2, Apr Vol.75 No.4, May Vol.75 No.5, Jun Vol.75 No.6, Nov Vol.75 No.11) aNew DelhibCSIR-NISCAIR aMechanical Engineering